[Event "Eje Cafetero Region 3rd"]
[Site "Eje Cafetero"]
[Date "2009.03.22"]
[Round "3.12"]
[White "Zuluaga, Augusto"]
[Black "Maldonado, Hernan"]
[Result "0-1"]
[WhiteElo "1600"]
[BlackElo "1842"]
[PlyCount "42"]
[EventDate "2009.03.21"]
[EventType "swiss"]
[EventRounds "7"]
[EventCountry "COL"]
[SourceTitle "EXT 2024"]
[Source "ChessBase"]
[SourceDate "2023.10.10"]
[SourceVersion "1"]
[SourceVersionDate "2023.10.10"]
[SourceQuality "1"]

1. d4 c5 2. d5 d6 3. c4 g6 4. Nc3 Bg7 5. e4 Nf6 6. f4 Nbd7 7. Nf3 Qc7 8. Bd3 a6 9. 0-0 0-0 10. Qc2 Re8 11. Nh4 Ng4 12. h3 Bd4+ 13. Kh1 Ne3 14. Be2 Bxc3 15. Rf3 Bd4 16. g4 Bf6 17. Ng2 b6 18. Nxe3 Bb7 19. g5 Bg7 20. h4 e6 21. h5 Nf8 0-1